| 000 | 00753nam a2200253 u 4500 | ||
|---|---|---|---|
| 001 | 000003225 | ||
| 003 | DO-SdBNP | ||
| 005 | 20230213100548.0 | ||
| 007 | ta | ||
| 008 | 090707s2001 dr c 001 0 spa d | ||
| 020 | _a9993401803 | ||
| 040 |
_aDO-SdBNP _bspa _cBNPHU |
||
| 049 | _aBNPD | ||
| 082 | 4 |
_a342.7293 _bR457p _222 |
|
| 100 | 1 |
_aReyes Cerda, Nelson _910169 |
|
| 245 | 1 | 0 |
_aProyecto de estudio para la reforma constitucional / _cNelson Reyes Cerda |
| 260 |
_aSanto Domingo : _b[s.n.], _c2001. |
||
| 300 |
_a138 p. : _bilustraciones |
||
| 490 | 1 | _aEstudios de derecho constitucional | |
| 500 | _aIncluye índice | ||
| 590 | _aInventariado, 2023/BT | ||
| 650 | 4 |
_aReformas constitucionales _zRepública Dominicana _98313 |
|
| 942 |
_2ddc _cLBS1 |
||
| 999 |
_c3056 _d3056 |
||